000 00834cam3a220027700 4500
001 lce00882260
008 740223s1973 stka b 001 0 eng
010 _a 73085351
015 _aGB73-32097
020 _a0443010501
020 _cL.5.00
035 _a(Sirsi) r61983
035 _a(DLC) 73085351
035 _a(UPRA)lce00882260
040 _dUPRA
050 0 _aTX795
_b.H93
082 _a637/.4
100 1 _aHyde, Kenneth Armitage.
_6A21615.1
245 1 0 _aIce cream /
_c[by] K.A. Hyde and J. Rothwell.
260 _aEdinburgh :
_bChurchill Livingstone,
_c1973.
504 _aIncludes bibliographical references and index.
650 2 0 _aIce cream, ices, etc.
_6S15135.1
700 1 _aRothwell, J. (Janet)
_qRothwell, J. (Janet)
_6A21616.1
949 _aTX795
_wlcc
_i-81692
_mMAIN
_tBOOK
_lON-SHELF
004 61983
999 _c165294
_d165294